000 00458nam a22001577a 4500
003 OSt
008 260428b |||||||| |||| 00| 0 eng d
082 _a581.2326
_bS52S
100 _aRanjan, Smita
245 _aStudies on Alternaria Spp. Causing Leaf Blight Disease in Sunflower (Helianthus annuus L.) and Its Management
260 _aPusa, Samastipur
_bRAU
_c1998
300 _a89P.
502 _bMsc.
_d1998
650 _aPlant Pathology
942 _2ddc
_cT
999 _c50236
_d50236